LIBRARY & INFORMATION CENTRE, KCAET, TAVANUR

ONLINE PUBLIC ACCESS CATALOGUE (OPAC)

Minimally Processed Fruits and Vegetables:Fundamental Aspects and Applications (Record no. 14168)

MARC details
000 -LEADER
fixed length control field 00404nam a22001457a 4500
020 ## - INTERNATIONAL STANDARD BOOK NUMBER
ISBN 8181283554
082 ## - DEWEY DECIMAL CLASSIFICATION NUMBER
Classification number 635
Item number ALZ/MI
100 ## - MAIN ENTRY--AUTHOR NAME
Personal name Alzamora, Stella M
100 ## - MAIN ENTRY--AUTHOR NAME
Personal name Tapia,Maria.S
100 ## - MAIN ENTRY--AUTHOR NAME
Personal name Malo,Aurelio Lopez
245 ## - TITLE STATEMENT
Title Minimally Processed Fruits and Vegetables:Fundamental Aspects and Applications
260 ## - PUBLICATION, DISTRIBUTION, ETC. (IMPRINT)
Place of publication New Delhi
Name of publisher Springer
Year of publication 2005
300 ## - PHYSICAL DESCRIPTION
Number of Pages 360
942 ## - ADDED ENTRY ELEMENTS (KOHA)
Koha item type Books
Holdings
Withdrawn status Lost status Damaged status Collection code Home library Current library Shelving location Date acquired Source of acquisition Cost, normal purchase price Full call number Accession Number Koha item type
        KAUAET KAUAET General Stacks 24/12/2014 Aman Book Stall Calicut 1595.00 635 ALZ/MI 23790 Books
free website counter